Stamp Catalogue: British Commonwealth Pt. 1 (Record no. 243)

000 -LEADER
fixed length control field 00366nam a22001457a 4500
003 - CONTROL NUMBER IDENTIFIER
control field OSt
008 - FIXED-LENGTH DATA ELEMENTS--GENERAL INFORMATION
fixed length control field 110411b xxu||||| |||| 00| 0 eng d
020 ## - INTERNATIONAL STANDARD BOOK NUMBER
International Standard Book Number 9780852591376
041 ## - LANGUAGE CODE
Language code of text/sound track or separate title eng
100 1# - MAIN ENTRY--PERSONAL NAME
Personal name Gibbons, Stanley
245 10 - TITLE STATEMENT
Title Stamp Catalogue: British Commonwealth Pt. 1
260 ## - PUBLICATION, DISTRIBUTION, ETC. (IMPRINT)
Place of publication, distribution, etc. US
Name of publisher, distributor, etc. Stanley Gibbons Limited
300 ## - PHYSICAL DESCRIPTION
Extent 976 pages
700 1# - ADDED ENTRY--PERSONAL NAME
Personal name Aggersberg, D.J.
Holdings
Withdrawn status Lost status Materials specified (bound volume or other part) Damaged status Not for loan Permanent Location Current Location Date acquired Total Checkouts Date last seen Price effective from Koha item type
    Hardcover     Northern Philatelic Library Northern Philatelic Library 04/11/2011   06/27/2015 06/27/2015 Books

Powered by Koha